[Event "Asian Continental-ch Open 2019"]
[Site "XingTai"]
[Date "2019.06.09"]
[Round "3.7"]
[White "Li, Di"]
[Black "Lu, Shanglei"]
[Result "0-1"]
[WhiteElo "2535"]
[BlackElo "2624"]
[Annotator "RC"]
[PlyCount "100"]
[EventDate "2019.06.06"]
[EventType "swiss"]
[EventCountry "CHN"]
[SourceTitle "playchess.com"]
[Source "ChessBase"]
[SourceQuality "1"]
[TimeControl "40/5400+30:1800+30"]

1. Nf3 {[%emt 0:00:00]} Nf6 {[%emt 0:00:00]} 2. d4 {[%emt 0:00:00]} d5 {[%emt 0:00:00]} 3. c4 {[%emt 0:00:00]} c6 {[%emt 0:00:00]} 4. Qc2 {[%emt 0:04:12]} dxc4 {[%emt 0:00:00]} 5. Qxc4 {[%emt 0:00:06]} Bf5 {[%emt 0:00:01]} 6. g3 {[%emt 0:00:19]} e6 {[%emt 0:00:05]} 7. Bg2 {[%emt 0:00:06]} Nbd7 {[%emt 0:00:09]} 8. O-O {[%emt 0:00:10]} Be7 {[%emt 0:00:04]} 9. e3 {[%emt 0:00:36]} O-O {[%emt 0:01:33]} 10. Qe2 {[%emt 0:00:22]} Qc7 {[%emt 0:04:33]} 11. Nc3 {[%emt 0:04:17]} Ne4 {[%emt 0:03:06]} 12. Nh4 {[%emt 0:07:27]} Bxh4 {[%emt 0:01:38]} 13. gxh4 {[%emt 0:00:37]} Nxc3 {[%emt 0:19:23]} 14. bxc3 {[%emt 0:00:07]} e5 {[%emt 0:00:15]} 15. e4 {[%emt 0:16:28]} Be6 {[%emt 0:01:41]} 16. Ba3 {[%emt 0:00:33]} Rfe8 {[%emt 0:03:52]} 17. d5 {[%emt 0:07:16]} cxd5 {[%emt 0:02:59]} 18. exd5 {[%emt 0:00:01]} Bf5 {[%emt 0:00:22]} 19. Qf3 {[%emt 0:01:08]} g6 {[%emt 0:01:36]} 20. Qg3 {[%emt 0:19:18]} Qc4 {[%emt 0:07:34]} 21. Rfe1 {[%emt 0:04:37]} Rac8 {[%emt 0:01:10]} 22. d6 {[%emt 0:07:37]} e4 {[%emt 0:10:21]} 23. Bc1 {[%emt 0:02:09]} Ne5 {[%emt 0:09:53]} 24. Be3 {[%emt 0:03:26]} Qxc3 {[%emt 0:07:38]} 25. Bxa7 {[%emt 0:00:51]} Nd3 {[%emt 0:02:58]} 26. Red1 {[%emt 0:01:10]} Rc6 {[%emt 0:02:07]} 27. Rab1 {[%emt 0:01:40]} Qa3 {[%emt 0:06:06]} 28. Be3 {[%emt 0:00:38]} Rxd6 {[%emt 0:00:52]} 29. Rf1 {[%emt 0:02:58]} h5 {[%emt 0:06:08]} 30. Rxb7 {[%emt 0:01:43]} Rde6 {[%emt 0:00:29]} 31. Rb5 {[%emt 0:03:39]} Re5 {[%emt 0:01:35]} 32. Rb6 {[%emt 0:06:44]} Qxa2 {[%emt 0:00:41]} 33. Qg5 {[%emt 0:01:11]} R5e6 {[%emt 0:01:54]} 34. Rxe6 {[%emt 0:02:05]} Qxe6 {[%emt 0:00:04]} 35. Rb1 {[%emt 0:00:08]} Ne5 {[%emt 0:01:14]} 36. Qg3 {[%emt 0:01:32]} Qa2 {[%emt 0:00:27]} 37. Rc1 {[%emt 0:00:35]} Nd3 {[%emt 0:01:16]} 38. Rf1 {[%emt 0:00:01]} Bg4 {[%emt 0:00:20]} 39. Kh1 {[%emt 0:00:34]} Qe2 {[%emt 0:00:45]} 40. Rb1 {[%emt 0:00:00]} Ne1 {[%emt 0:00:00]} 41. h3 {[%emt 0:16:13]} Bf3 {[%emt 0:05:34]} 42. Bxf3 {[%emt 0:00:02]} Qf1+ {[%emt 0:00:37]} 43. Kh2 {[%emt 0:00:01]} Nxf3+ {[%emt 0:00:10]} 44. Qxf3 {[%emt 0:00:04]} Qxb1 {[%emt 0:00:07]} 45. Qf6 {[%emt 0:00:07]} Qb8+ {[%emt 0:00:09]} 46. Bf4 {[%emt 0:00:26]} Qd8 {[%emt 0:01:03]} 47. Qc6 {[%emt 0:00:15]} Re6 {[%emt 0:00:07]} 48. Qc5 {[%emt 0:00:28]} Qf6 {[%emt 0:01:14]} 49. Qe3 {[%emt 0:00:16]} Qf5 {[%emt 0:01:00]} 50. Qg3 {[%emt 0:00:06]} Kh7 {[%emt 0:01:09]} 0-1

[Event "Asian Continental-ch Open 2019"]
[Site "XingTai"]
[Date "2019.06.09"]
[Round "3.8"]
[White "Chanda, Sandipan"]
[Black "Gupta, Abhijeet"]
[Result "0-1"]
[WhiteElo "2511"]
[BlackElo "2606"]
[Annotator "TA"]
[PlyCount "98"]
[EventDate "2019.06.06"]
[EventType "swiss"]
[EventCountry "CHN"]
[SourceTitle "playchess.com"]
[Source "ChessBase"]
[SourceQuality "1"]

{[%evp 9,98,32,35,28,26,0,27,34,24,26,25,23,6,22,48,-37,-14,-28,-21,-22,-21,-24,-16,-55,-51,-79,-87,-81,-80,-91,-82,-120,-118,-122,-96,-88,-92,-82,-91,-87,-83,-87,-83,-111,-75,-115,-120,-111,-116,-119,-94,-185,-178,-214,-208,-175,-167,-203,-187,-309,-293,-338,-338,-337,-338,-338,-331,-276,-276,-462,-461,-461,-448,-410,-379,-385,-258,-923,-923,-809,-666,-4957,-4922,-4844,-4782,-3879,-2783,-2142,-1921,-7256,-7152]} 1. d4 Nf6 2. Nf3 g6 3. Nbd2 d5 4. b4 e5 5. dxe5 Ne4 {[#] White must now prevent ...Nc3.} 6. Nxe4 {D02: 1 d4 d5 2 Nf3 sidelines, including 2...Nf6 3 g3 and 2...Nf6 3 Bf4} dxe4 7. Qxd8+ Kxd8 8. Ng5 $146 {White has an edge.} ({Predecessor:} 8. Bg5+ Be7 9. O-O-O+ Nd7 10. Bxe7+ Kxe7 11. Ng5 Nxe5 12. Nxe4 {½-½ (19) Nabaty,T (2690)-Safarli,E (2639) Batumi 2018}) 8... Bxb4+ 9. Bd2 Bxd2+ 10. Kxd2 Ke7 11. Nxe4 Nc6 12. g3 ({White should play} 12. f4 $14) 12... Bf5 13. Bg2 Nxe5 14. Nc5 Rad8+ 15. Kc3 b6 16. Na6 c5 17. Nc7 Rd4 $36 {[%mdl 2048] Black has strong initiative.} 18. Nd5+ {[#]} Ke6 $1 19. Nf4+ Kf6 20. Nd5+ Kg7 21. Ne3 Be6 22. f4 Nc4 23. Nxc4 Rxc4+ 24. Kb2 Bf5 25. c3 Be4 26. Bf3 Re8 27. Rhe1 b5 28. a3 a5 29. Rad1 h5 30. Rc1 (30. Bxe4 $17 {is a better defense.} Rcxe4 31. Rd2) 30... a4 $19 31. Rcd1 b4 32. cxb4 cxb4 33. axb4 Rxb4+ 34. Kc3 (34. Ka2 {was called for.}) 34... Rb3+ 35. Kd4 Bxf3 36. exf3 Rxe1 37. Rxe1 Rxf3 {[%mdl 4096] Endgame KR-KR} 38. Re4 a3 {[%cal Ba4a3,Ba3a2][%mdl 32] Hoping for ...a2.} 39. Ke5 $2 (39. Re7) 39... a2 40. Ra4 Re3+ 41. Kd4 Re2 42. h4 Rg2 43. f5 $2 (43. Ke4) 43... Rxg3 {( -> ...Rg4+). Black is clearly winning.} 44. Rxa2 Rg4+ 45. Ke5 f6+ 46. Kd5 gxf5 47. Rh2 Kf7 48. Rh1 Ra4 49. Rf1 f4 {Accuracy: White = 35%, Black = 91%.} 0-1

[Event "Asian Continental-ch Open 2019"]
[Site "XingTai"]
[Date "2019.06.09"]
[Round "3.9"]
[White "Nihal Sarin"]
[Black "Karthik Venkataraman"]
[Result "1/2-1/2"]
[WhiteElo "2606"]
[BlackElo "2499"]
[Annotator "TA"]
[PlyCount "68"]
[EventDate "2019.06.06"]
[EventType "swiss"]
[EventCountry "CHN"]
[SourceTitle "playchess.com"]
[Source "ChessBase"]
[SourceQuality "1"]

{[%evp 14,68,37,30,28,28,33,10,11,7,7,16,22,20,16,12,17,17,20,16,24,0,14,0,0,0,11,0,0,0,6,0,0,0,0,0,0,0,0,0,0,0,0,0,0,0,0,-10,8,0,0,0,0,0,0,0,5]} 1. d4 Nf6 2. c4 e6 3. Nf3 Bb4+ 4. Bd2 c5 5. Bxb4 cxb4 6. g3 b6 7. Bg2 Bb7 8. O-O a5 {E16: Queen's Indian: 4 g3 Bb7 5 Bg2 Bb4+} (8... O-O 9. Qd3 d6 10. a3 bxa3 11. Nxa3 Nc6 12. Nb5 a5 13. Qe3 Ba6 14. Na3 Rc8 15. Rfd1 Nb4 16. Rac1 Na2 17. Ra1 Nb4 18. Rac1 Na2 19. Ra1 Nb4 20. Rac1 {½-½ (20) Maghsoodloo,P (2673)-Amin,B (2709) Astana 2019}) 9. a3 Na6 10. Nbd2 O-O 11. Ne5 Bxg2 12. Kxg2 Qc7 $146 ({Predecessor:} 12... d6 13. Nef3 Re8 14. Qc2 Ra7 15. Rad1 Rc7 16. Qd3 {0-1 (37) Ponomarenko,V (2254)-Bairachny,R (2427) Tula 2002}) 13. e3 d6 14. Nd3 bxa3 15. bxa3 e5 16. Qb3 Nb8 17. a4 Nbd7 {The position is equal.} 18. Rac1 Rfe8 19. Kg1 Rac8 20. Rfe1 h6 21. Qb5 Re7 22. h3 Ree8 23. Qb3 Nf8 24. c5 bxc5 25. dxe5 dxe5 26. Nxc5 Red8 27. Qb2 Qe7 28. Nce4 Nxe4 29. Nxe4 Rb8 30. Qa2 Qb4 31. Nc3 Qb3 32. Qxb3 Rxb3 33. Ne4 Rb4 34. Nc5 Ng6 {Accuracy: White = 51%, Black = 63%.} 1/2-1/2

[Event "Asian Continental-ch Open 2019"]
[Site "XingTai"]
[Date "2019.06.09"]
[Round "3.10"]
[White "Xu, Yi"]
[Black "Aravindh, Chithambaram VR."]
[Result "0-1"]
[WhiteElo "2526"]
[BlackElo "2598"]
[Annotator "TA"]
[PlyCount "96"]
[EventDate "2019.06.06"]
[EventType "swiss"]
[EventCountry "CHN"]
[SourceTitle "playchess.com"]
[Source "ChessBase"]
[SourceQuality "1"]

{[%evp 10,96,19,11,20,20,13,13,17,22,15,17,27,21,29,16,30,22,22,0,15,0,28,0,40,0,0,0,0,0,78,25,26,-54,-53,-64,-63,-55,-64,-47,-70,-69,-38,-41,-30,-35,-38,-237,-230,-251,-224,-244,-243,-364,-363,-510,-509,-613,-629,-614,-605,-517,-449,-694,-677,-765,-751,-744,-708,-866,-845,-1057,-1059,-1062,-1067,-992,-1018,-889,-817,-1501,-1302,-1445,-1464,-4727,-5422,-5499,-5591,-4722,-987]} 1. e4 c5 2. Nf3 Nc6 3. Bb5 e6 4. Bxc6 bxc6 5. d3 Ne7 6. h4 h5 {B30: Sicilian: 2...Nc6 3 Bb5, lines without ...g6} (6... f6 7. h5 e5 8. Nc3 d5 9. b3 Be6 10. Qe2 Qa5 11. Bd2 Qc7 12. Nh4 c4 13. dxc4 dxc4 14. O-O {0-1 (41) Cheparinov,I (2679)-Zeng,C (2539) China 2019}) 7. e5 f6 8. Nbd2 fxe5 {The position is equal.} 9. Nxe5 d6 10. Nec4 Nf5 11. Nf3 e5 12. Bg5 $146 ({Predecessor:} 12. O-O Be7 13. Bg5 Bf6 14. c3 {0-1 (49) Zavrazhnov,A (2222)-Gebur,T (2360) ICCF email 2014}) 12... Be7 13. c3 Rb8 14. Qe2 O-O 15. O-O-O Bf6 16. Nfd2 Rb7 (16... d5 $5 {[%cal Rd5c4]} 17. Nxe5 Qb6 $14) 17. Ne4 d5 $1 {[%cal Rd5e4]} 18. Bxf6 gxf6 19. Nxc5 Rg7 (19... Rb5 $11 20. Nb3 Rxb3 21. axb3 dxc4) 20. Ne3 (20. Nd2 $1 $16) 20... Qa5 $11 21. b4 (21. Nxf5 $11 Bxf5 22. b4 Qa3+ 23. Qb2 Qxb2+ 24. Kxb2) 21... Qa3+ $15 {[%mdl 64] Double Attack} 22. Qb2 Qxb2+ 23. Kxb2 Nxe3 24. fxe3 Rxg2+ 25. Kb3 Kf7 26. a4 Ke7 27. e4 Rfg8 28. d4 $2 ({White should play} 28. Rc1 $15) 28... dxe4 $19 29. dxe5 f5 $1 ({Less strong is} 29... fxe5 30. Rde1 $17) 30. Rd6 Rg1 $1 {[%cal Rg1h1]} 31. Rh2 {[#]} (31. Rxg1 {was the only defense.} Rxg1 32. Kc2 (32. Rxc6 $2 e3 $19)) 31... e3 $1 32. Rxc6 (32. Rf6 {keeps fighting.} f4 33. Rxf4) 32... f4 {Black is clearly winning.} 33. Rc7+ Kd8 34. Rf7 Rf1 35. Re2 {[#]} Ke8 $1 {[%cal Re8f7]} 36. Rf6 (36. Rxa7 $142 Rb1+ 37. Ka2) 36... Rf8 ({And not} 36... Bg4 37. Rxe3 Bd1+ 38. Ka3 $11) 37. Rxf8+ Kxf8 {[%mdl 4096] Endgame KRB-KRN} 38. e6 Ke7 39. Kc4 Rd1 40. b5 f3 41. Rxe3 f2 42. Rf3 f1=Q+ 43. Rxf1 Rxf1 44. Kd5 Rf4 45. a5 Rxh4 46. a6 Rh1 47. Kc6 Rb1 48. Nd3 Bxe6 {Accuracy: White = 46%, Black = 85%.} 0-1

[Event "Asian Continental-ch Open 2019"]
[Site "XingTai"]
[Date "2019.06.09"]
[Round "3.12"]
[White "Lalith Babu M R"]
[Black "Zou, Chen"]
[Result "1/2-1/2"]
[WhiteElo "2571"]
[BlackElo "2415"]
[Annotator "RC"]
[PlyCount "65"]
[EventDate "2019.06.06"]
[EventType "swiss"]
[EventCountry "CHN"]
[SourceTitle "playchess.com"]
[Source "ChessBase"]
[SourceQuality "1"]
[TimeControl "40/5400+30:1800+30"]

1. d4 {[%emt 0:00:00]} Nf6 {[%emt 0:00:00]} 2. c4 {[%emt 0:00:00]} e6 {[%emt 0:00:00]} 3. Nf3 {[%emt 0:00:00]} d5 {[%emt 0:00:00]} 4. g3 {[%emt 0:00:00]} Bb4+ {[%emt 0:00:08]} 5. Bd2 {[%emt 0:00:00]} Be7 {[%emt 0:00:15]} 6. Bg2 {[%emt 0:00:03]} O-O {[%emt 0:00:11]} 7. O-O {[%emt 0:00:25]} c6 {[%emt 0:00:08]} 8. Qc2 {[%emt 0:00:15]} Nbd7 {[%emt 0:00:05]} 9. Rd1 {[%emt 0:00:08]} b6 {[%emt 0:00:38]} 10. b3 {[%emt 0:00:22]} Bb7 {[%emt 0:00:12]} 11. Nc3 {[%emt 0:00:08]} Rc8 {[%emt 0:00:03]} 12. e4 {[%emt 0:09:34]} dxe4 {[%emt 0:00:51]} 13. Nxe4 {[%emt 0:14:40]} c5 {[%emt 0:00:30]} 14. Nxf6+ {[%emt 0:00:52]} Nxf6 {[%emt 0:00:08]} 15. Bc3 {[%emt 0:08:09]} cxd4 {[%emt 0:16:12]} 16. Bxd4 {[%emt 0:08:24]} Be4 {[%emt 0:02:49]} 17. Qe2 {[%emt 0:03:34]} Qc7 {[%emt 0:01:31]} 18. Ne5 {[%emt 0:03:05]} Bxg2 {[%emt 0:01:49]} 19. Kxg2 {[%emt 0:00:03]} Rfd8 {[%emt 0:14:03]} 20. Bb2 {[%emt 0:01:14]} Nd7 {[%emt 0:10:20]} 21. Nxd7 {[%emt 0:02:51]} Rxd7 {[%emt 0:00:27]} 22. Rxd7 {[%emt 0:00:05]} Qxd7 {[%emt 0:00:15]} 23. Rd1 {[%emt 0:01:00]} Qc6+ {[%emt 0:01:42]} 24. Qf3 {[%emt 0:00:53]} Qxf3+ {[%emt 0:02:03]} 25. Kxf3 {[%emt 0:00:04]} Rc7 {[%emt 0:02:21]} 26. Be5 {[%emt 0:06:30]} Rb7 {[%emt 0:02:26]} 27. Ke2 {[%emt 0:02:34]} f6 {[%emt 0:00:49]} 28. Bd6 {[%emt 0:00:33]} Kf7 {[%emt 0:00:13]} 29. Bxe7 {[%emt 0:00:14]} Kxe7 {[%emt 0:00:05]} 30. Ke3 {[%emt 0:00:16]} Rc7 {[%emt 0:00:25]} 31. Rd2 {[%emt 0:01:00]} Rc8 {[%emt 0:01:51]} 32. Rd1 {[%emt 0:00:07]} Rc7 {[%emt 0:00:04]} 33. Ke4 {[%emt 0:39:27]} 1/2-1/2

[Event "Asian Continental-ch Open 2019"]
[Site "XingTai"]
[Date "2019.06.09"]
[Round "3.13"]
[White "Krishna C R G"]
[Black "Aryan Chopra"]
[Result "1/2-1/2"]
[WhiteElo "2481"]
[BlackElo "2553"]
[Annotator "TA"]
[PlyCount "116"]
[EventDate "2019.06.06"]
[EventType "swiss"]
[EventCountry "CHN"]
[SourceTitle "playchess.com"]
[Source "ChessBase"]
[SourceQuality "1"]

{[%evp 11,116,24,48,17,8,2,-8,-3,-11,-66,-35,-79,-87,-79,0,-7,32,0,8,0,0,-25,0,0,1,-15,10,21,9,-12,0,-18,-18,-11,-13,-10,-10,-50,0,0,-2,-35,-38,-79,-30,-29,-33,-44,-58,-54,-28,-25,0,-3,-12,-47,-33,-172,-166,-181,-141,-134,-141,-136,-147,-143,-136,-151,-147,-127,-12,-49,-8,-8,-8,-8,-8,-8,-10,-11,0,-8,-8,-8,-8,-8,-10,-20,0,0,0,0,0,-49,0,0,0,0,0,0,0,0,0,0,0,0,0]} 1. d4 Nf6 2. c4 g6 3. Nc3 Bg7 4. e4 d6 5. h3 O-O 6. Be3 c6 7. g4 {E71: King's Indian: 4 e4 d6 5 h3} (7. Nf3 a6 8. a4 a5 9. Be2 Na6 10. O-O Nb4 11. Qd2 Nd7 12. Bg5 Re8 13. Rad1 Qc7 14. h4 e5 15. h5 exd4 16. Nxd4 {1-0 (34) Salem,A (2638)-Onischuk,V (2637) Riadh 2017}) 7... a6 8. Nge2 b5 9. cxb5 $146 ({Predecessor:} 9. Ng3 bxc4 10. g5 Nfd7 11. Bxc4 d5 12. Bb3 Nb6 13. h4 dxe4 14. Ngxe4 Nd5 15. Nxd5 cxd5 {0-1 (25) Sardarov,E-Abakarov,D Azerbaijan 1956}) 9... axb5 10. Ng3 (10. a3 $11) 10... e5 (10... b4 $5 {[%cal Rb4c3]} 11. Nce2 Nfd7 $15) 11. Bg2 {[#]} exd4 $1 12. Bxd4 h6 (12... c5 $17 13. Be3 b4) 13. O-O Bb7 14. e5 dxe5 15. Bxe5 b4 16. Nce2 Qa5 17. Bd4 Na6 {[%cal Bb8a6,Ba6c7,Bc7d5,Bd5f4][%mdl 32]} 18. Qc2 Nc7 19. Nf4 Ncd5 20. Nd3 Ba6 21. Rfd1 Bxd3 22. Qxd3 Nf4 23. Qf3 N6d5 24. Bf1 (24. Ne2 $5 {[%cal Re2f4]} Nxg2 25. Qxg2 $11) 24... Rfd8 25. Bxg7 Kxg7 26. Qe4 (26. Ne2 $5 {[%cal Re2f4]} Nxe2+ 27. Qxe2 $11) 26... Qc7 27. Re1 Qd6 28. Qd4+ Qf6 29. Re4 Qxd4 30. Rxd4 Ra5 (30... Ne6 $5 {[%cal Re6d4]} 31. Re4 c5 $17) 31. Kh2 c5 32. Rd2 Ne6 $36 {[%mdl 2048] Black has the initiative.} 33. Bg2 Nd4 34. Rc1 ({White should try} 34. Ne2 $15 Nf4 35. Rxd4 (35. Nxf4 Nf3+ {[%mdl 64] Discovered Attack} 36. Bxf3 Rxd2 $15) 35... Rxd4 36. Nxd4 cxd4 37. Kg3) 34... Nf4 $19 {Threatens to win with ...Nf3+!} 35. Nf1 Rxa2 36. Rxc5 Nb3 37. Rxd8 Nxc5 38. Rd2 Ncd3 39. b3 Ra3 40. Bd5 {[#]} Ne5 (40... Nxf2 $1 $17 {[%mdl 512]} 41. Rxf2 Nxd5) 41. Ne3 $11 f6 (41... g5 $5 {[%cal Ra3b3]} 42. Rb2 Kf8 $17) 42. Rc2 Nxd5 43. Nxd5 Rxb3 {[%mdl 4096] Endgame ...Nf3+ is the strong threat. KRN-KRN} 44. Rc7+ Kf8 45. Rb7 Nd3 46. Rb6 Rb2 47. Rxf6+ Kg7 {aiming for ...b3.} 48. Kg3 b3 49. Rb6 Nxf2 50. Rb7+ Kf8 51. Nf6 g5 {White must now prevent ...Nh1+.} 52. Nd7+ Ke8 {And now ...Rc2 would win.} (52... Ke7 $5 {[%cal Rf2e4]} 53. Nb6+ Kd8 $17) 53. Nc5 {The position is equal.} Kd8 54. Kf3 Nxh3 55. Rxb3 Rxb3+ 56. Nxb3 Ke7 57. Nd4 Kf6 58. Ne2 Ke5 {Accuracy: White = 43%, Black = 44%.} 1/2-1/2

[Event "Asian Continental-ch Open 2019"]
[Site "XingTai"]
[Date "2019.06.09"]
[Round "3.14"]
[White "Rahul Srivatshav P"]
[Black "Xu, Yinglun"]
[Result "1/2-1/2"]
[WhiteElo "2395"]
[BlackElo "2548"]
[Annotator "TA"]
[PlyCount "69"]
[EventDate "2019.06.06"]
[EventType "swiss"]
[EventCountry "CHN"]
[SourceTitle "playchess.com"]
[Source "ChessBase"]
[SourceQuality "1"]

{[%evp 10,69,12,20,18,3,0,2,10,8,10,14,10,12,19,23,43,18,19,14,102,78,107,96,117,99,102,77,64,64,76,65,65,63,79,77,101,100,98,101,101,99,108,108,120,107,97,61,46,63,106,98,105,112,91,101,69,0,0,0,0,-458]} 1. Nf3 Nf6 2. c4 e6 3. g3 d5 4. Bg2 dxc4 5. Qa4+ c6 6. Qxc4 b5 {A13: English Opening: 1...e6} 7. Qb3 (7. Qc2 Bb7 8. O-O Be7 9. d3 O-O 10. a4 a6 11. Nc3 Nbd7 12. Rd1 Rc8 13. h3 Qb6 14. e4 c5 15. Be3 Rfd8 16. Rac1 h6 17. axb5 axb5 {1-0 (73) Duda,J (2737)-Karjakin,S (2773) chess.com INT 2018}) 7... Bb7 8. O-O Nbd7 9. d4 a6 10. Ne5 Nxe5 11. dxe5 Nd7 12. Nc3 Be7 13. Bf4 O-O $146 ({Predecessor:} 13... Qc7 14. Ne4 {1-0 (55) Howell,D (2620)-Hawkins,J (2499) North Shields 2012}) 14. Ne4 Qc7 {[#]} (14... Qc8 $1 $11 {remains equal.}) 15. Nf6+ $1 $16 {[%mdl 512]} Bxf6 (15... gxf6 16. exf6 Bd6 17. Bxd6 $17) (15... Nxf6 16. exf6) 16. exf6 e5 17. fxg7 Rfe8 18. Be3 c5 19. Bxb7 Qxb7 20. Rfd1 {Threatens to win with Rac1.} c4 21. Qb4 $36 {[%mdl 2048] aiming for Rd6. White is more active.} Nf6 22. Rd6 a5 23. Qd2 Ne4 24. Rd7 Qc6 25. Qd5 Qxd5 26. Rxd5 Rab8 27. f3 Nf6 28. Rd6 Kxg7 29. Rad1 Rec8 30. Bg5 Ne8 31. Bh6+ Kg8 32. Ra6 a4 33. Rd5 (33. Kf2 $14) 33... Nc7 $2 {[%mdl 8192]} (33... c3 $11 34. bxc3 Nc7 {[%mdl 64] Double Attack} 35. Rxe5 Nxa6 36. Rg5+ Kh8 37. Bg7+ Kg8 38. Bh6+ Kh8 39. Bg7+ Kg8 40. Bh6+) 34. Rxe5 $19 {[#] And now Rg5+ would win.} Nxa6 35. Rg5+ {[%mdl 32768] Accuracy: White = 75%, Black = 62%. . An unexpected result.} 1/2-1/2

[Event "Asian Continental-ch Open 2019"]
[Site "XingTai"]
[Date "2019.06.09"]
[Round "3.15"]
[White "Adhiban, B.."]
[Black "Akash G"]
[Result "1-0"]
[WhiteElo "2676"]
[BlackElo "2404"]
[Annotator "TA"]
[PlyCount "131"]
[EventDate "2019.06.06"]
[EventType "swiss"]
[EventCountry "CHN"]
[SourceTitle "playchess.com"]
[Source "ChessBase"]
[SourceQuality "1"]

{[%evp 24,131,0,3,47,49,36,43,47,39,48,48,52,39,38,37,37,41,43,28,47,3,35,9,50,27,43,22,11,0,0,0,0,0,0,0,0,0,40,50,52,58,33,46,145,145,137,138,229,229,229,216,271,272,251,218,195,0,254,199,194,204,191,164,135,132,227,217,252,345,347,344,345,331,340,327,358,338,330,323,370,330,389,383,5189,12839,12807,12466,29946,11986,29981,29981,29981,29982,29982,29983,29983,29984,29984,29985,29986,29987,29987,29988,29990,29991,29991,29992,29994,992]} 1. e4 c5 2. Nf3 d6 3. d4 cxd4 4. Nxd4 Nf6 5. Nc3 Nc6 6. Bc4 e6 7. Be3 a6 8. Qe2 Qc7 9. O-O-O Na5 10. Bb3 b5 11. Kb1 Be7 12. f3 O-O 13. g4 Nd7 {B89: Sicilian: Velimirovic Attack} (13... b4 {looks sharper.} 14. Na4 Bd7 15. g5 Nxb3 16. axb3 Nh5) (13... Nxb3 14. axb3 Nd7 15. g5 b4 16. Na4 Nc5 17. h4 Bd7 18. h5 Bxa4 19. bxa4 Nxa4 20. g6 Bf6 21. h6 fxg6 22. hxg7 Rfb8 23. Qh2 h5 24. Rdg1 b3 25. cxb3 Nc3+ 26. Kc2 Nd5+ 27. Kb1 Nxe3 28. Rxg6 Bxd4 29. Rc1 Qxc1+ {0-1 (29) Srijit,P (2298)-Gupta,A (2597) Jammu 2018}) 14. Bxe6 $146 ({Predecessor:} 14. Rhg1 Nc5 15. Nf5 b4 16. Nxe7+ Qxe7 17. Na4 Nxa4 18. Bxa4 Qc7 19. Rd4 Rb8 20. Rgd1 Rd8 21. Bg5 {½-½ (45) Bartel,M (2434)-Lutsko,I (2346) Bydgoszcz 2001}) 14... fxe6 15. Nxe6 {[%mdl 64] Double Attack} Qc4 {White is slightly better.} 16. Nxf8 Qxe2 17. Nxe2 {aiming for Nxd7.} Bxf8 18. b3 Nc6 19. g5 Nde5 20. Rhf1 Bh3 21. Rg1 Re8 22. Rg3 Bc8 23. Nc3 Bb7 24. Bc1 Ne7 25. Ba3 Nf7 26. f4 g6 27. Rgd3 ({Don't play} 27. Bxd6 Nxd6 28. Rxd6 Nf5 $17) 27... Bg7 28. e5 $36 {[%mdl 2048] White is pushing.} dxe5 29. Rd7 Bf3 30. Rf1 $1 {[%cal Rf1f3]} e4 (30... Bg2 {keeps more tension.} 31. Rf2 b4 32. Bxb4 Nc6 33. fxe5 Nfxe5 34. Rc7 Bh1) 31. Nxe4 $1 Bxe4 32. Rxe7 Rxe7 33. Bxe7 Bf8 ({Better is} 33... Bc3 $14) 34. Bxf8 $16 Kxf8 35. Kb2 $1 Nd8 (35... Bf5 $16) 36. Rd1 $1 $18 {[%cal Rd1d8]} Nc6 37. Rd7 Bf5 38. Rxh7 Ne7 39. Rh8+ Ng8 40. Rh7 (40. Kc3 $142) 40... Ne7 41. b4 Be6 42. a3 Bg8 43. Rh3 Bc4 44. Re3 Kf7 (44... Ke8 $16 45. Kc1 Kf8) 45. Re5 Nd5 46. f5 gxf5 47. Rxf5+ Kg6 48. Re5 Kh5 49. Kc1 Nb6 50. Re7 Kxg5 51. Ra7 Kg4 52. Rxa6 Na4 53. Kd2 Kh3 $2 (53... Kf4 54. h4 Kg4) 54. Rxa4 bxa4 {[%mdl 4096] Endgame KB-KP} 55. Kc3 Bf1 56. Kd4 Kxh2 {KB-K3P} 57. Kc5 {White mates.} Kg3 58. b5 Kf4 {[#]} 59. b6 $1 {[%cal Rb6b7]} Ba6 60. Kd6 Ke4 {[#]} 61. c4 $1 {[%cal Rc4c5][%mdl 512]} Kd4 (61... Bxc4 62. b7) 62. c5 Kc3 63. c6 Kb3 64. b7 Bxb7 65. cxb7 Kxa3 66. b8=Q {Accuracy: White = 81%, Black = 45%.} 1-0

[Event "Asian Continental-ch Open 2019"]
[Site "XingTai"]
[Date "2019.06.09"]
[Round "3.16"]
[White "Maghsoodloo, Parham"]
[Black "Gomez, John Paul"]
[Result "1-0"]
[WhiteElo "2665"]
[BlackElo "2467"]
[Annotator "TA"]
[PlyCount "79"]
[EventDate "2019.06.06"]
[EventType "swiss"]
[EventCountry "CHN"]
[SourceTitle "playchess.com"]
[Source "ChessBase"]
[SourceQuality "1"]

{[%evp 19,79,0,0,10,31,31,66,79,104,18,27,18,35,0,13,8,83,65,89,89,83,97,106,107,107,106,106,102,84,58,116,91,153,175,202,62,58,66,69,72,124,104,168,177,254,251,237,232,334,332,317,277,367,262,474,482,643,628,625,650,582,562]} 1. c4 e5 2. g3 Nf6 3. Nc3 d5 4. cxd5 Nxd5 5. Bg2 Nb6 6. Nf3 Nc6 7. O-O Be7 8. d3 O-O 9. a3 Be6 10. Be3 f5 11. Rc1 {A29: English Opening: Four Knights Variation with 4 g3} f4 (11... Kh8 12. b4 a6 13. Re1 Rb8 14. Bxb6 cxb6 15. e3 Bf6 16. d4 exd4 17. exd4 Bg8 18. Ne2 Qd6 19. Qd3 g6 {½-½ (35) Ding,L (2816)-Giri,A (2780) Shenzhen 2018}) 12. Bd2 g5 13. Ne4 {White is slightly better.} Nd7 14. Rxc6 (14. gxf4 $16 {[%cal Rf3g5]} gxf4 15. e3) 14... bxc6 $11 15. Bc3 Bd5 16. Nxe5 Nxe5 17. Bxe5 Rb8 $146 (17... Bd6 $11 18. Bc3 Qe7) ({Predecessor:} 17... Bxe4 18. Bxe4 Bf6 19. gxf4 Bxe5 20. fxe5 {1-0 (34) Aronian,L (2455)-Del Rio de Angelis,S (2395) Linares 1998}) 18. Qa4 Bxe4 19. Bxe4 Bf6 20. Bxf6 Rxf6 21. b4 Qd6 22. Qxa7 Rbf8 23. Kg2 g4 24. f3 gxf3+ (24... Qe5 $14) 25. exf3 $16 Rh6 (25... Qe5 $142) 26. g4 c5 27. Qxc5 ({White should try} 27. Rc1 $18) 27... Qxc5 $14 28. bxc5 $18 {[%mdl 4096] Endgame KRR-KRB} Rb8 29. Rf2 Ra6 {[#]} ({Better is} 29... Kg7) 30. g5 $1 $16 Ra5 {[#]} (30... h6 $16) 31. Rc2 $1 $18 Rbb5 (31... Rxa3 $142 32. d4 Kg7) 32. d4 Rxa3 33. Kh3 Rb4 (33... Kg7 {was necessary.} 34. d5 Raa5) 34. Rd2 Rb8 35. Kg4 Rf8 36. Re2 Re3 $2 (36... Kg7 {was worth a try.} 37. Rb2 Ra6) 37. Ra2 {White is clearly winning.} Re1 38. Ra7 Kh8 39. d5 ({Not} 39. Rxc7 Rxe4 40. d5 (40. fxe4 f3 $11) 40... Re2 $14) 39... Rg1+ 40. Kh5 {Accuracy: White = 64%, Black = 33%.} 1-0